Statistics for ప్రపంచంలో అన్నీ దేశాలు (Prapancamlō annī deśālu)

Click here to take the quiz!

General Stats

  • This quiz has been taken 77 times
    (2 since last reset)
  • The average score is 59 of 196

Answers on the Map

Answers color-coded by a green-red scale on the quiz's map according to % correct below.
 

Answer Stats

Country% Correct
జపాన్ | Japān
100%
ఐర్లాండ | Airlānḍ
50%
ఐస్లాండ్‌ | Aislānḍ
50%
అల్బేనియా | Albēniyā
50%
అమెరికా సంయుక్త రాష్ట్రాలు | Amerikā Samyukta Rāṣṭrālu
50%
అంగోలా | Angōlā
50%
అఫ్ఘానిస్తాన్ | Aphghānistān
50%
అర్జెంటీనా | Arjenṭīnā
50%
ఆర్మేనియా | Ārmēniyā
50%
ఆస్ట్రేలియా | Āsṭrēliyā
50%
ఆస్ట్రియా | Āsṭriyā
50%
బహామాస్ | Bahāmās
50%
బంగ్లాదేశం | Banglādēśam
50%
బెలారస్ | Belāras
50%
బెలిజ్ | Belij
50%
బెనిన్ | Benin
50%
భారతదేశం | Bhāratadēśam
50%
భూటాన్ | Bhūṭān
50%
బ్రహ్మదేశం | Brahmadēśam
50%
బ్రెజిలు | Brejilu
50%
బ్రూనై | Brūnai
50%
బుడతకీచుదేశం | Buḍatakīcudēśam
50%
బుర్కినా ఫాసో | Burkinā Phāsō
50%
బురుండి | Burunḍi
50%
చాద్ | Cād
50%
చీనా | Cīnā
50%
దక్షిణ ఆఫ్రికా | Dakṣiṇa Āphrikā
50%
దక్షిణ కొరియా | Dakṣiṇa Koriyā
50%
దక్షిణ సూడాన్ | Dakṣiṇa Sūḍān
50%
డెన్మార్క్ | Ḍenmārk
50%
ఎరిత్రియా | Eritriyā
50%
ఎస్టోనియా | Esṭōniyā
50%
గబాన్ | Gabān
50%
గాంబియా | Gāmbiyā
50%
గయానా | Gayānā
50%
ఘనా | Ghanā
50%
గినియా | Giniyā
50%
గినియా-బిస్సౌ | Giniyā-Bissau
50%
గ్వాటెమాలా | Gvāṭemālā
50%
హైటీ | Haiṭī
50%
హంగేరి | Hangēri
50%
ఇండోనేషియా | Inḍōnēṣiyā
50%
ఇరాక్ | Irāk
50%
ఇటలీ | Iṭalī
50%
ఇథియోపియా | Ithiyōpiyā
50%
జాంబియా | Jāmbiyā
50%
జింబాబ్వే | Jimbābvē
50%
జోర్డాన్ | Jōrḍān
50%
కాంభోజ రాజ్యం | Kāmbhōja Rājyam
50%
కామెరూన్ | Kāmerūn
50%
కాంగో గణతంత్రం | Kāngō Gaṇatantram
50%
కాంగో ప్రజాస్వామ్య గణతంత్రం | Kāngō Prajāsvāmya Gaṇatantram
50%
కెనడా | Kenaḍā
50%
కెన్యా | Kenyā
50%
కేప్ వర్దె | Kēp Varde
50%
కిరిబటి | Kiribaṭi
50%
కొమొరోస్ | Komorōs
50%
కోస్టారికా | Kōsṭārikā
50%
క్యూబా | Kyūbā
50%
లైబీరియా | Laibīriyā
50%
లాట్వియా | Lāṭviyā
50%
లావోస్ | Lāvōs
50%
లిబియా | Libiyā
50%
లిథువేనియా | Lithuvēniyā
50%
మడగాస్కర్ | Maḍagāskar
50%
మలావి | Malāvi
50%
మలేషియా | Malēṣiyā
50%
మాలి | Māli
50%
మెక్సికో | Meksikō
50%
మొజాంబిక్ | Mojāmbik
50%
మోల్డోవా | Mōlḍōvā
50%
నైజర్ | Naijar
50%
నైజీరియా | Naijīriyā
50%
నమీబియా | Namībiyā
50%
నార్వే | Nārvē
50%
నేపాళం | Nēpāḷam
50%
ఒమన్ | Oman
50%
పాకిస్థానం | Pākisthānam
50%
పలావు | Palāvu
50%
పనామా | Panāmā
50%
పారశీకం | Pāraśīkam
50%
పరాసుదేశం | Parāsudēśam
50%
పెరూ | Perū
50%
ఫిజీ | Phijī
50%
ఫీలిప్పీన్స్ | Philippīns
50%
ఫిన్లాండ్ | Phinlānḍ
50%
పోలాండ్ | Pōlānḍ
50%
రష్తా | Raṣyā
50%
రొమేనియా | Romēniyā
50%
రువాండా | Ruvānḍā
50%
సైప్రస్ | Saipras
50%
సంయుక్త రాజ్యం | Samyukta Rājyam
50%
శర్మణ్యదేశం | Śarmaṇyadēśam
50%
సావో టోమె-ప్రిన్సిపె | Sāvō Ṭōme-Prinsipe
50%
సెనెగల్ | Senegal
50%
సిరియా | Siriyā
50%
సియెర్రా లియోన్ | Siyerrā Liyōn
50%
సోమాలియా | Sōmāliyā
50%
స్పనదేశం | Spanadēśam
50%
శ్రీలంక | Śrīlanka
50%
సూడాన్ | Sūḍān
50%
సురినామ్ | Surinām
50%
స్వీడన్ | Svīḍan
50%
తైవాన్ | Taivān
50%
తజికిస్తాన్ | Tajikistān
50%
టాంగా | Ṭāngā
50%
టాంజానియా | Ṭānjāniyā
50%
టోగో | Ṭōgō
50%
తురుష్కం | Turuṣkam
50%
ఉగాండా | Ugānḍā
50%
ఉజ్బెకిస్తాన్ | Ujbekistān
50%
ఉక్రెయిన్ | Ukreyin
50%
ఉత్తర కొరియా | Uttara Koriyā
50%
వానువాటు | Vānuvāṭu
50%
యవనదేశం | Yavanadēśam
50%
యెమన్ | Yeman
50%
అజర్బైజాన్ | Ajarbaijān
0%
అల్జీరియా | Aljīriyā
0%
అండోర్రా | Anḍōrrā
0%
అంటీగ్వా-బార్బుడా | Ānṭigvā-Bārbuḍā
0%
బహ్రయిన్ | Bahrayin
0%
బల్గేరియా | Balgēriyā
0%
బార్బడోస్ | Bārbaḍōs
0%
బెల్జియం | Beljiyam
0%
బొలివియా | Boliviyā
0%
బోస్నియా-హెర్జెగొవీనా | Bōsniyā-Herjegovīnā
0%
బోత్సువానా | Bōtsuvānā
0%
చెక్ గణతంత్రం | Cek Gaṇatantram
0%
చిలీ | Cilī
0%
డొమినికా | Ḍominikā
0%
డోమినికన్‌ గణతంత్రం | Ḍominikan Gaṇatantram
0%
ఎల్ సాల్వడోర్ | El Sālvaḍōr
0%
గ్రెనడా | Grenaḍā
0%
హోండురాస్ | Hōnḍurās
0%
ఈజిప్టు | ījipṭu
0%
ఈక్వటోరియల్ గినియా | Īkvaṭōriyal Giniyā
0%
ఈక్వెడార్ | Īkveḍār
0%
జమైకా | Jamaikā
0%
జార్జియా | Jārjiyā
0%
జిబౌటి | Jibauṭi
0%
కజకస్తాన్ | Kajakastān
0%
ఖతార్ | Khatār
0%
కిర్గిజిస్తాన్ | Kirgijistān
0%
కొలంబియా | Kolambiyā
0%
కొసావో | Kosāvō
0%
కోటె ది ఐవొరె | Kōṭe Di Aivore
0%
క్రోయేషియా | Krōyēṣiyā
0%
కువైట్ | Kuvaiṭ
0%
లక్సెంబర్గ్ | Laksembarg
0%
లెబనాన్ | Lebanān
0%
లెసోతో | Lesōtō
0%
లీచ్టెనస్టేయిన్ | Līcṭen‌sṭeyin
0%
మధ్య ఆఫ్రికా గణతంత్రం | Madhya Āphrikā Gaṇatantram
0%
మైక్రోనేషియా | Maikrōnēṣiyā
0%
మాల్దీవులు | Māldīvulu
0%
మాల్టా | Mālṭā
0%
మంగోలియా | Mangōliyā
0%
మారిషస్ | Māriṣas
0%
మారిటానియా | Māriṭāniyā
0%
మార్షల్ ద్వీపులు | Mārṣal Dvīpulu
0%
మొనాకో | Monākō
0%
మొంటెనేగ్రో | Monṭenēgrō
0%
మొరాకో | Morākō
0%
నౌరు | Nauru
0%
నెదర్లాండ్స్ | Nedarlānḍs
0%
నికరాగ్వా | Nikarāgvā
0%
న్యూజీలాండ్ | Nyūjīlānḍ
0%
పాపువా న్యూ గినియా | Pāpuvā Nyū Giniyā
0%
పరాగ్వే | Parāgvē
0%
సమోవా | Samōvā
0%
సాన్ మారినో | Sān Mārinō
0%
సౌదీ అరేబియా | Saudī Arēbiyā
0%
సేర్బియా | Serbiyā
0%
సేషెల్స్ | Sēṣels
0%
సెయింట్ కిట్స్-నెవిస్ | Seyinṭ Kiṭs-Nevis
0%
సెయింట్ లూసియా | Seyinṭ Lūsiyā
0%
సెయింట్ విన్సెంట్-గ్రెనడిన్స్ | Seyinṭ Vinsenṭ-Grenaḍīns
0%
సింగపూరు | Singapūru
0%
స్లొవేకియా | Slovēkiyā
0%
స్లొవేనియా | Slovēniyā
0%
సోలమన్ ద్వీపులు | Sōlaman Dvīpālu
0%
స్వాజీల్యాండ్ | Svājīlyānḍ
0%
స్విట్జర్లాండ్ | Sviṭjarlānḍ
0%
శ్యామదేశం | Śyāmadēśam
0%
ట్రినిడాడ్-టొబాగో | Ṭriniḍāḍ-Ṭobāgō
0%
తుర్కమేనిస్తాన్ | Turkamēnistān
0%
తూర్పు తైమోర్ | Tūrpu Taimōr
0%
తువాలు | Tuvālu
0%
ట్యునీషియా | Ṭyunīṣiyā
0%
ఉరుగ్వే | Urugvē
0%
ఉత్తర మేసిడోనియా | Uttara Mēsiḍōniyā
0%
వాటికన్ నగరం | Vāṭikan Nagaram
0%
వెనుజులా | Venujulā
0%
వియత్నామ్ | Viyatnām
0%
యూదియాదేశం | Yūdiyādēśam
0%
యునైటేడ్ అరబ్ ఎమిరేట్స్ | Yunaiṭeḍ Arab Emirēṭs
0%

Score Distribution

Percentile by Number Answered

Percent of People with Each Score

Your Score History

You have not taken this quiz since the last reset